00935cam 2200265 4500001000800000005001700008008004100025035002100066906004500087010001700132040001800149050003300167082001900200100003500219245008100254260005300335300003300388440003300421504003000454650003100484700004100515952002800556991005300584099003200637453142819860626000000.0860626s1963 ilua b 000 0 eng  9(DLC) 63003952 a7bcbccorignewd1eocipf19gy-gencatlg a 63003952  aDLCcDLCdDLC00aAC1b.G74 1979 vol. 10aBD2100a081 sa1002191 aAdler, Mortimer Jerome,d1902-10aPhilosophy,cby Mortimer J. Adler and Seymour Cain. Pref. by Richard McKeon. aChicago,bEncyclopaedia Britannica, inc.c[1963] axxi, 308 p.bdiagrs.c22 cm. 4aThe Great ideas program,v10 aBibliography: p. 303-308. 0aPhilosophyxIntroductions.1 aCain, Seymour,d1914-ejoint author. aForm AACR2 bc09 4/3/86. bc-GenCollhAC1i.G74 1979 vol. 10tCopy 1wBOOKS aadler-philosophy-1072276620